[Event "Prvenstvo Sente   SENTA 2014"]
[Site "Senta"]
[Date "2014.02.15"]
[Round "9.1"]
[White "Kaszas, Viktor"]
[Black "Farkas, Tibor"]
[Result "1/2-1/2"]
[WhiteElo "2045"]
[BlackElo "2251"]
[PlyCount "20"]
[EventDate "2014.01.24"]

1. d4 Nf6 2. Nf3 g6 3. c4 Bg7 4. g3 O-O 5. Bg2 d6 6. Nc3 Nbd7 7. e4 e5 8. O-O
c6 9. h3 Qb6 10. Re1 Re8 1/2-1/2

[Event "Prvenstvo Sente   SENTA 2014"]
[Site "Senta"]
[Date "2014.02.15"]
[Round "9.2"]
[White "Simonyi, Zoltan"]
[Black "Vranic, Ljubomir"]
[Result "1-0"]
[WhiteElo "2271"]
[BlackElo "2213"]
[PlyCount "104"]
[EventDate "2014.01.24"]

1. d4 Nf6 2. c4 e6 3. Nc3 Bb4 4. f3 d5 5. a3 Be7 6. e4 dxc4 7. Bxc4 c5 8. d5
exd5 9. exd5 O-O 10. Nge2 Ne8 11. O-O Nd6 12. Bd3 b6 13. Bf4 Nd7 14. Ne4 Nf6
15. N2c3 Nfe8 16. Qd2 h6 17. Rfe1 Nf5 18. Nb5 a6 19. d6 Bh4 20. g3 axb5 21.
gxh4 Nd4 22. Qf2 f5 23. Nd2 Nxd6 24. Be5 Nc6 25. Bxd6 Qxd6 26. Bxb5 Nd4 27.
Bc4+ Kh8 28. Nb3 Nxb3 29. Bxb3 b5 30. Rad1 Qg6+ 31. Qg3 Qxg3+ 32. hxg3 c4 33.
Bc2 Ra6 34. Re5 Rb6 35. Rd2 b4 36. axb4 Rxb4 37. Bd1 Ba6 38. Re6 Bb7 39. Kf2
Kg8 40. Re7 Bc6 41. Rc7 Rf6 42. Be2 h5 43. Rc2 f4 44. Bxc4+ Kf8 45. gxf4 Ba4
46. Rd2 Rb8 47. b3 Bc6 48. f5 Be8 49. Rd5 Bf7 50. Ra5 Be8 51. Ke3 Rd8 52. Kf4
Rd4+ 1-0

[Event "Prvenstvo Sente   SENTA 2014"]
[Site "Senta"]
[Date "2014.02.15"]
[Round "9.3"]
[White "Nagy, Attila N"]
[Black "Farkas, Sandor I"]
[Result "1-0"]
[WhiteElo "2206"]
[BlackElo "1874"]
[PlyCount "79"]
[EventDate "2014.01.24"]

1. d4 Nf6 2. c4 g6 3. Nc3 Bg7 4. e4 d6 5. Bg5 O-O 6. Qd2 c5 7. d5 a6 8. a4 Qa5
9. Ra3 e6 10. Bd3 exd5 11. Nxd5 Qxd2+ 12. Kxd2 Nxd5 13. cxd5 Re8 14. Rb3 Nd7
15. f3 Rb8 16. Bf4 Be5 17. Bxe5 Rxe5 18. Ne2 b6 19. Nc3 Re8 20. f4 c4 21. Bxc4
Nc5 22. Re1 Nxb3+ 23. Bxb3 g5 24. fxg5 Re5 25. h4 h6 26. gxh6 Rh5 27. g3 Rxh6
28. Ne2 b5 29. a5 Bd7 30. Nf4 Re8 31. Kd3 Rh7 32. Kd4 Re5 33. Nd3 Reh5 34. e5
dxe5+ 35. Nxe5 f5 36. d6+ Kf8 37. Ng6+ Kg7 38. Nf4 R5h6 39. Kd5 Kf8 40. Ne6+
1-0

[Event "Prvenstvo Sente   SENTA 2014"]
[Site "Senta"]
[Date "2014.02.15"]
[Round "9.4"]
[White "Sente, Damir"]
[Black "Davidovic, Zoran"]
[Result "1-0"]
[WhiteElo "2103"]
[BlackElo "1907"]
[PlyCount "115"]
[EventDate "2014.01.24"]

1. e4 e5 2. Nf3 Nc6 3. Bb5 d6 4. Bxc6+ bxc6 5. d4 exd4 6. Qxd4 c5 7. Qd3 f6 8.
O-O Ne7 9. b3 Ng6 10. Bb2 Be7 11. c4 Be6 12. Nc3 O-O 13. Nd5 Rb8 14. Bc3 Kh8
15. Rad1 Re8 16. Qe3 Qc8 17. Nf4 Ne5 18. Nxe6 Nxf3+ 19. Qxf3 Qxe6 20. Rfe1 Bd8
21. h4 Be7 22. h5 Bf8 23. h6 Re7 24. Re3 Rf7 25. hxg7+ Bxg7 26. Rd5 Bh6 27. Qh3
Qxh3 28. Rxh3 Bg7 29. Rdh5 Bf8 30. Rf5 Bg7 31. Rhf3 Re8 32. e5 Re6 33. Re3 Kg8
34. exf6 Rxe3 35. fxe3 Bh6 36. Kf2 Bf8 37. g4 h6 38. Kf3 Kh7 39. e4 Kg6 40. Ke3
a6 41. Kd3 Rh7 42. Ke3 Kf7 43. Kf4 Ke6 44. Rh5 c6 45. g5 hxg5+ 46. Kxg5 Rxh5+
47. Kxh5 d5 48. exd5+ cxd5 49. cxd5+ Kxd5 50. Kg6 Ke6 51. f7 Kd5 52. Bg7 Be7
53. Kf5 c4 54. bxc4+ Kxc4 55. Ke6 Bc5 56. Bf6 Bf8 57. Be7 Bg7 58. Kf5 1-0

[Event "Prvenstvo Sente   SENTA 2014"]
[Site "Senta"]
[Date "2014.02.15"]
[Round "9.5"]
[White "Sakic, Lorand"]
[Black "Mrzic, Branko"]
[Result "1/2-1/2"]
[WhiteElo "1987"]
[BlackElo "1855"]
[PlyCount "94"]
[EventDate "2014.01.24"]

1. e4 c6 2. d4 d5 3. exd5 cxd5 4. c4 Nf6 5. Nc3 e6 6. Nf3 Nc6 7. c5 g6 8. Bf4
Nh5 9. Bg5 Nf6 10. Nb5 Be7 11. Bh6 Ne4 12. a3 a6 13. Nc3 Nxc3 14. bxc3 Bf6 15.
Be2 e5 16. O-O e4 17. Ne1 Bg5 18. Bg7 Rg8 19. Be5 Nxe5 20. dxe5 Bf4 21. Qd4 Qe7
22. g3 Bxe5 23. Qxd5 Bxc3 24. Rb1 Qe5 25. Bc4 Rg7 26. Ng2 g5 27. Rfc1 Bd4 28.
Ne3 f5 29. Rb6 Qxd5 30. Bxd5 Rc7 31. Rh6 Rxc5 32. Rxc5 Bxc5 33. Rxh7 Bxa3 34.
Bxb7 Bxb7 35. Rxb7 f4 36. Nc4 Bc5 37. Rc7 Bb4 38. gxf4 gxf4 39. h4 Rd8 40. Rc6
Rd4 41. h5 Rd7 42. Rxa6 e3 43. fxe3 fxe3 44. Nxe3 Bc5 45. Re6+ Kf7 46. Re5
Bxe3+ 47. Rxe3 Rd5 1/2-1/2

[Event "Prvenstvo Sente   SENTA 2014"]
[Site "Senta"]
[Date "2014.02.15"]
[Round "9.6"]
[White "Grbin, Stefan"]
[Black "Vucurovic, Nebojsa"]
[Result "0-1"]
[WhiteElo "1609"]
[BlackElo "2016"]
[PlyCount "74"]
[EventDate "2014.01.24"]

1. d4 Nf6 2. c4 g6 3. Nc3 Bg7 4. e4 d6 5. Be2 O-O 6. Nf3 e5 7. dxe5 dxe5 8.
Qxd8 Rxd8 9. Bg5 Re8 10. Rd1 c6 11. Nxe5 Nxe4 12. Nxe4 Bxe5 13. f4 Bxb2 14. Nd6
Rxe2+ 15. Kxe2 Bg4+ 16. Kf2 Bxd1 17. Rxd1 b6 18. Nc8 Na6 19. Ne7+ Kg7 20. Nxc6
Rc8 21. Nxa7 Rxc4 22. Rd2 Nc5 23. Ke2 Bc1 24. Rd6 Re4+ 25. Kf3 Re3+ 26. Kg4 Ne4
27. Rxb6 h6 28. Bd8 Ra3 29. Nc6 h5+ 30. Kh4 Bxf4 31. Nd4 Bxh2 32. Nf3 Bg3+ 33.
Kh3 Bf4 34. Rb4 Nf2+ 35. Kh4 Bd6 36. Rb6 Ra4+ 37. Kg5 Bf4+ 0-1

[Event "Prvenstvo Sente   SENTA 2014"]
[Site "Senta"]
[Date "2014.02.15"]
[Round "9.7"]
[White "Racz, Bela"]
[Black "Kecskemeti, Arpad"]
[Result "1-0"]
[WhiteElo "1859"]
[BlackElo "1976"]
[PlyCount "67"]
[EventDate "2014.01.24"]

1. d4 Nf6 2. Nf3 g6 3. c4 Bg7 4. Nc3 d6 5. e3 O-O 6. Be2 Nbd7 7. O-O c6 8. Qc2
e5 9. e4 Qe7 10. d5 c5 11. Ne1 Ne8 12. Bg4 f5 13. exf5 Nb6 14. f6 Nxf6 15. Bxc8
Raxc8 16. Ne4 Nh5 17. Nf3 h6 18. Bd2 Nf4 19. Rae1 g5 20. Bxf4 Rxf4 21. Qd3 Rcf8
22. Nfd2 g4 23. f3 gxf3 24. Rxf3 Nd7 25. Ref1 R8f7 26. Qe3 Rxf3 27. Rxf3 Nf6
28. Rg3 Nh5 29. Rf3 Nf6 30. h3 Bf8 31. Ng3 Qd7 32. Qf2 Nh7 33. Nde4 Ng5 34.
Nf6+ 1-0

[Event "Prvenstvo Sente   SENTA 2014"]
[Site "Senta"]
[Date "2014.02.15"]
[Round "9.8"]
[White "Korponai, Akos"]
[Black "Sarnyai, Daniel"]
[Result "1/2-1/2"]
[WhiteElo "1888"]
[BlackElo "1828"]
[PlyCount "135"]
[EventDate "2014.01.24"]

1. d4 Nf6 2. Nf3 g6 3. g3 Bg7 4. Bg2 O-O 5. O-O d6 6. c4 Bf5 7. Nc3 Nbd7 8. Nh4
Nb6 9. Nxf5 gxf5 10. c5 dxc5 11. dxc5 Nc4 12. Qa4 Ne5 13. Bxb7 Rb8 14. Bg2 Ng6
15. Rd1 Qc8 16. Qxa7 f4 17. Qa4 fxg3 18. hxg3 Qf5 19. e4 Qxc5 20. Be3 Qh5 21.
Qc2 Ng4 22. Bd4 N6e5 23. Nd5 e6 24. Nf4 Qh2+ 25. Kf1 c5 26. Bc3 Nc4 27. Ke2
Bxc3 28. Qxc3 Rxb2+ 29. Qxb2 Nxb2 30. Rh1 Qxh1 31. Rxh1 Ra8 32. Ra1 c4 33. f3
Ne5 34. Kd2 Ra3 35. Kc2 Na4 36. Nh5 Nxf3 37. Bxf3 Rxf3 38. Rd1 h6 39. Rd4 Rf2+
40. Rd2 Rxd2+ 41. Kxd2 Kh7 42. Nf4 e5 43. Nd5 Kg6 44. Ne3 Nc5 45. Nxc4 Nxe4+
46. Ke3 Nxg3 47. a4 Nf5+ 48. Kf2 f6 49. a5 Ne7 50. a6 Nc6 51. Kg3 Kg5 52. Nd6
Na7 53. Ne4+ Kg6 54. Nd6 f5 55. Kf3 h5 56. Nc4 Kf6 57. Kg3 Ke6 58. Kh4 Kd5 59.
Nd2 Kd4 60. Kxh5 Kd3 61. Kg5 f4 62. Nf1 f3 63. Ng3 f2 64. Kg4 Ke3 65. Nf1+ Ke2
66. Ng3+ Ke1 67. Kf5 Nc6 68. Ke4 1/2-1/2

[Event "Prvenstvo Sente   SENTA 2014"]
[Site "Senta"]
[Date "2014.02.15"]
[Round "9.9"]
[White "Vilagos, Emil"]
[Black "Pajzer, Istvan"]
[Result "1/2-1/2"]
[WhiteElo "1626"]
[BlackElo "2157"]
[PlyCount "91"]
[EventDate "2014.01.24"]

1. e4 c5 2. Nf3 d6 3. Bb5+ Bd7 4. Bxd7+ Qxd7 5. d4 cxd4 6. Nxd4 Nc6 7. O-O e5
8. Nf5 g6 9. Ne3 Bg7 10. Nc3 Nge7 11. Nb5 Rd8 12. Nd5 O-O 13. Bg5 f6 14. Be3 b6
15. Qd2 Kh8 16. Rad1 Nxd5 17. Qxd5 Ne7 18. Qxd6 Qxb5 19. Qxe7 Rxd1 20. Rxd1
Qxb2 21. h3 Qxa2 22. Rd7 Qg8 23. Rxa7 b5 24. Rb7 Rc8 25. Bc5 f5 26. exf5 gxf5
27. Bd6 Re8 28. Qf7 Rd8 29. Qxg8+ Kxg8 30. Bb4 Rd1+ 31. Kh2 Rd5 32. g3 h5 33.
Kg2 e4 34. h4 Bb2 35. Kf1 Bc1 36. Ke2 f4 37. gxf4 Bxf4 38. Re7 Rd4 39. Be1 b4
40. Rb7 Bd6 41. Rb5 Rc4 42. Kd1 Bc5 43. Rb7 Kf8 44. Rh7 Rd4+ 45. Ke2 Rd5 46.
Rb7 1/2-1/2

[Event "Prvenstvo Sente   SENTA 2014"]
[Site "Senta"]
[Date "2014.02.15"]
[Round "9.10"]
[White "Toth, Kazmer"]
[Black "Burany, Karoly"]
[Result "1-0"]
[WhiteElo "1978"]
[BlackElo "1441"]
[PlyCount "111"]
[EventDate "2014.01.24"]

1. c4 c5 2. Nc3 e6 3. e4 a6 4. g3 b6 5. Bg2 Bb7 6. Nge2 e5 7. O-O Nc6 8. d3 h6
9. Nd5 Nf6 10. f4 d6 11. h3 Be7 12. Be3 O-O 13. Nec3 Nxd5 14. cxd5 Na7 15. fxe5
dxe5 16. a3 f6 17. Bf3 Bc8 18. Kh2 Bd6 19. Bg4 Qe8 20. Rf2 Qg6 21. Bf5 Bxf5 22.
Rxf5 Nc8 23. g4 Ne7 24. Rf2 Rac8 25. b3 Rb8 26. a4 a5 27. Nb5 Nc8 28. Qf3 Rb7
29. Qf5 Qf7 30. Raf1 Bb8 31. Qf3 Nd6 32. Nc3 Ba7 33. Rc2 Qe8 34. Rfc1 Rff7 35.
Qf2 g5 36. Ne2 Qf8 37. Ng3 b5 38. Bxc5 Bxc5 39. Rxc5 bxa4 40. bxa4 Kh7 41. Rxa5
Qb8 42. Rac5 Rb3 43. R5c3 Rb4 44. a5 Rb5 45. a6 Rb2 46. R1c2 Rxc2 47. Qxc2 Nb5
48. Qb2 Qe8 49. Rb3 Nd6 50. Nf5 Rd7 51. Nxd6 Rxd6 52. a7 Ra6 53. Rb7+ Kg6 54.
Qf2 Qc8 55. Qf5+ Qxf5 56. exf5# 1-0

[Event "Prvenstvo Sente   SENTA 2014"]
[Site "Senta"]
[Date "2014.02.15"]
[Round "9.11"]
[White "Aleksic, Zvonimir"]
[Black "Ridjicki, Nenad"]
[Result "0-1"]
[WhiteElo "1936"]
[BlackElo "1844"]
[PlyCount "76"]
[EventDate "2014.01.24"]

1. e4 c5 2. Nc3 d6 3. g3 Nc6 4. Bg2 Nf6 5. d3 h6 6. h3 e5 7. Be3 Be7 8. Qd2 Qb6
9. Rb1 Nd4 10. Nce2 Be6 11. b3 d5 12. c3 Nxe2 13. Qxe2 d4 14. Bd2 Qa5 15. cxd4
Qxa2 16. Qd1 cxd4 17. Nf3 Nd7 18. O-O Qa6 19. Bc1 Rc8 20. Ne1 O-O 21. f4 f5 22.
exf5 Bxf5 23. g4 Be6 24. f5 Bf7 25. Nf3 Rc3 26. g5 Rxd3 27. Qe1 Bd5 28. gxh6
Rxf5 29. Nh4 Rxf1+ 30. Bxf1 Bxh4 31. h7+ Kh8 32. Qxh4 Qg6+ 33. Bg5 Rf3 34. Rc1
Rf5 35. Rc8+ Nf8 36. Bg2 Bxg2 37. Kxg2 Rxg5+ 38. Kf2 Qf5+ 0-1

[Event "Prvenstvo Sente   SENTA 2014"]
[Site "Senta"]
[Date "2014.02.15"]
[Round "9.12"]
[White "Sakic, Simeon"]
[Black "Soklovacki, Mila"]
[Result "1/2-1/2"]
[WhiteElo "1868"]
[BlackElo "1632"]
[PlyCount "104"]
[EventDate "2014.01.24"]

1. e4 c5 2. Nf3 Nc6 3. d4 cxd4 4. Nxd4 e5 5. Nb3 Nf6 6. Nc3 Bb4 7. Bg5 Bxc3+ 8.
bxc3 h6 9. Bxf6 Qxf6 10. Bc4 O-O 11. O-O Ne7 12. Qd2 Qc6 13. Qd3 d6 14. Rad1
Rd8 15. h4 b6 16. f4 exf4 17. Rxf4 Be6 18. Bxe6 fxe6 19. Nd4 Qc5 20. Kh1 Qc8
21. Qg3 e5 22. Rg4 Kh8 23. Rxg7 Rg8 24. Rxg8+ Qxg8 25. Qxg8+ Rxg8 26. Nf5 Nxf5
27. exf5 Rd8 28. g4 Kg7 29. Kg2 Kf6 30. Kf3 h5 31. Rg1 hxg4+ 32. Rxg4 Kxf5 33.
Rg7 Rh8 34. Rf7+ Ke6 35. Rxa7 Rxh4 36. Ke3 Kd5 37. Rb7 Kc6 38. Ra7 Rh3+ 39. Kd2
Rh4 40. Ra3 b5 41. Rb3 Ra4 42. a3 Kc5 43. Kd3 d5 44. Ke3 Rh4 45. Kd3 Ra4 46.
Ke3 Rh4 47. Kd3 Rh2 48. Rb2 Rh3+ 49. Kd2 Rh4 50. Kd3 d4 51. cxd4+ exd4 52. Rb3
Rg4 1/2-1/2

[Event "Prvenstvo Sente   SENTA 2014"]
[Site "Senta"]
[Date "2014.02.15"]
[Round "9.13"]
[White "Vrabel, Mate"]
[Black "Bacsa, Zoltan"]
[Result "1/2-1/2"]
[WhiteElo "1513"]
[BlackElo "1654"]
[PlyCount "145"]
[EventDate "2014.01.24"]

1. e4 d5 2. exd5 Nf6 3. Nc3 Nxd5 4. Nxd5 Qxd5 5. d4 Bf5 6. Bf4 Nc6 7. c3 O-O-O
8. Qf3 Be4 9. Qg3 Rd7 10. f3 Bg6 11. Be2 f6 12. Bd1 Qa5 13. Ne2 Bf7 14. a3 Qb5
15. b4 Bc4 16. a4 Qf5 17. O-O e5 18. dxe5 fxe5 19. Qg5 Qe6 20. Bg3 h6 21. Qc1
Be7 22. Re1 Qg6 23. Bc2 Bd3 24. Bxd3 Qxd3 25. Ra2 Qc4 26. Qc2 Bf6 27. Rb2 Re8
28. Qf5 Qe6 29. Qxe6 Rxe6 30. Nf4 exf4 31. Rxe6 fxg3 32. hxg3 Bxc3 33. Rb3 Bxb4
34. Rxc6 bxc6 35. Rxb4 Rd6 36. Kf1 c5 37. Rc4 Rd5 38. Ke2 Kb7 39. Ke3 Kc6 40.
Ke4 Rd2 41. Kf5 Rxg2 42. Rg4 g5 43. Kg6 Rh2 44. Re4 Kd5 45. Re7 Kd6 46. Re4 a5
47. Kf5 Kd5 48. Re5+ Kc4 49. Ke6 Kb4 50. Kd5 Rd2+ 51. Ke4 c4 52. Ke3 Rd6 53.
Ke2 Kxa4 54. Rc5 Kb3 55. Rxa5 Kb4 56. Ra7 Rc6 57. Kd2 c3+ 58. Kc2 Kc4 59. Ra4+
Kd5 60. Re4 Rc4 61. Re3 h5 62. Re2 h4 63. gxh4 gxh4 64. Rg2 c5 65. Rg5+ Ke6 66.
Rg8 Kf5 67. Rg7 Kf4 68. Rg4+ Kxf3 69. Rxc4 h3 70. Rxc3+ Kg2 71. Kd3 h2 72. Rc2+
Kg1 73. Rc1+ 1/2-1/2

[Event "Prvenstvo Sente   SENTA 2014"]
[Site "Senta"]
[Date "2014.02.15"]
[Round "9.15"]
[White "Posa, Janos"]
[Black "Uveric, Nebojsa"]
[Result "1-0"]
[WhiteElo "1866"]
[BlackElo "1521"]
[PlyCount "59"]
[EventDate "2014.01.24"]

1. d4 Nf6 2. c4 e6 3. Nc3 Bb4 4. a3 Be7 5. e4 d6 6. f4 c5 7. dxc5 dxc5 8. Qxd8+
Bxd8 9. Nf3 Nc6 10. Be3 b6 11. h3 Nh5 12. Kf2 O-O 13. Be2 Bc7 14. e5 g6 15. g4
Ng7 16. Ne4 Ne8 17. g5 Ba6 18. h4 Ng7 19. Nf6+ Kh8 20. h5 Nf5 21. hxg6 h6 22.
Bd3 Nce7 23. gxf7 Rxf7 24. gxh6 Ng8 25. Ng5 Re7 26. h7 Ngh6 27. Rag1 Rf8 28.
Bxf5 Nxf5 29. Nf7+ Rexf7 30. Rg8+ 1-0

[Event "Prvenstvo Sente   SENTA 2014"]
[Site "Senta"]
[Date "2014.02.15"]
[Round "9.17"]
[White "Farkas, Istvan"]
[Black "Djukic, Luka"]
[Result "1-0"]
[WhiteElo "1570"]
[BlackElo "1495"]
[PlyCount "49"]
[EventDate "2014.01.24"]

1. e4 e5 2. Nf3 Nc6 3. Bb5 a6 4. Ba4 b5 5. Bb3 Nf6 6. d3 d5 7. exd5 Nxd5 8. O-O
Bd6 9. Bxd5 Bb7 10. Nc3 O-O 11. Bxc6 Bxc6 12. Ne4 f5 13. Nxd6 cxd6 14. Ng5 f4
15. Ne6 Qe8 16. Nxf8 Kxf8 17. f3 Qg6 18. Qe2 Re8 19. Bd2 d5 20. Rae1 e4 21.
dxe4 dxe4 22. fxe4 Rxe4 23. Rxf4+ Rxf4 24. Bxf4 h6 25. Qe7+ 1-0

[Event "Prvenstvo Sente   SENTA 2014"]
[Site "Senta"]
[Date "2014.02.15"]
[Round "9.19"]
[White "Bicskei, Mihaly"]
[Black "Olajos, Gyozo"]
[Result "1-0"]
[WhiteElo "1853"]
[BlackElo "1676"]
[PlyCount "51"]
[EventDate "2014.01.24"]

1. e4 c5 2. Nf3 d6 3. d4 cxd4 4. Nxd4 Nf6 5. Nc3 a6 6. Bc4 e6 7. Bb3 Nc6 8. Be3
h6 9. f3 g6 10. Qd2 Na5 11. O-O Nxb3 12. Nxb3 Qc7 13. Qf2 Be7 14. Na4 Nd7 15.
Rfd1 b5 16. Nb6 Rb8 17. Nxd7 Bxd7 18. Rac1 Bc6 19. c4 Kf8 20. cxb5 axb5 21. Nd4
Qd7 22. Nxc6 Rc8 23. Nxe7 Kxe7 24. Rxc8 Qxc8 25. Rc1 Qb7 26. Qc2 1-0

[Event "Prvenstvo Sente   SENTA 2014"]
[Site "Senta"]
[Date "2014.02.15"]
[Round "9.20"]
[White "Boros, Aron"]
[Black "Nagy Abonyi, Arnold"]
[Result "1-0"]
[WhiteElo "1420"]
[BlackElo "1337"]
[PlyCount "105"]
[EventDate "2014.01.24"]

1. e4 e6 2. Nf3 d5 3. exd5 exd5 4. d4 Nf6 5. Nc3 c6 6. Bg5 Be7 7. Qe2 Be6 8.
Ne5 O-O 9. Qf3 h6 10. Bf4 g5 11. Qg3 Nh5 12. Qf3 Nxf4 13. g3 Ng6 14. Bd3 Nxe5
15. dxe5 Kg7 16. Qh5 Rh8 17. h4 c5 18. f4 c4 19. Be2 Nc6 20. Bg4 Nd4 21. O-O-O
Rc8 22. Rxd4 Bxg4 23. Qxg4 h5 24. Qf5 g4 25. Rxd5 Qb6 26. Rd7 Rc7 27. Rhd1 Rxd7
28. Rxd7 Kf8 29. e6 Qxe6 30. Qxe6 fxe6 31. Rxb7 a5 32. Rb8+ Kg7 33. Rxh8 Kxh8
34. Kd2 Kg7 35. Ke3 Kf6 36. Kd4 Kf5 37. Kxc4 Bxh4 38. gxh4 g3 39. Ne2 g2 40.
Kd3 Kg4 41. Ke3 Kxh4 42. Kf2 Kh3 43. Ng1+ Kh2 44. c4 h4 45. c5 h3 46. c6 a4 47.
c7 a3 48. bxa3 Kh1 49. c8=Q h2 50. Qc1 e5 51. Nf3+ g1=Q+ 52. Nxg1 exf4 53. Nf3#
1-0

[Event "Stop parking servis - Novi Sad "]
[Site "Novi Sad"]
[Date "2014.06.27"]
[Round "1.3"]
[White "Chandra, Akshat"]
[Black "Bodiroga, Predrag"]
[Result "1-0"]
[WhiteElo "2436"]
[BlackElo "2368"]
[PlyCount "63"]
[EventDate "2014.06.27"]

1. e4 c6 2. d4 d5 3. Nc3 dxe4 4. Nxe4 Nd7 5. Ng5 Ndf6 6. Bc4 Nd5 7. N1f3 g6 8.
O-O Bg7 9. Qe2 Ngf6 10. Ne5 O-O 11. Bb3 Ne8 12. Ngf3 a5 13. a3 a4 14. Ba2 Be6
15. c4 Ndc7 16. Rd1 Ra6 17. Be3 f6 18. Nd3 Bf7 19. Nc5 Ra7 20. d5 cxd5 21. Nd7
Qxd7 22. Bxa7 b5 23. cxd5 Nxd5 24. Bc5 Nec7 25. Bb6 Na8 26. Ba5 e6 27. Nd4 Rb8
28. Nxe6 Bxe6 29. Qxe6+ Qxe6 30. Bxd5 Qxd5 31. Rxd5 f5 32. Rad1 1-0

[Event "Stop parking servis - Novi Sad "]
[Site "Novi Sad"]
[Date "2014.06.27"]
[Round "1.1"]
[White "Lajthajm, Borko"]
[Black "Liou, Yian"]
[Result "1/2-1/2"]
[WhiteElo "2526"]
[BlackElo "2387"]
[PlyCount "154"]
[EventDate "2014.06.27"]

1. d4 d5 2. Nf3 Nf6 3. c4 c6 4. Nc3 a6 5. a4 e6 6. a5 c5 7. cxd5 Nxd5 8. Nxd5
Qxd5 9. Qc2 Nc6 10. e4 Nb4 11. Qa4+ Qd7 12. dxc5 Qxa4 13. Rxa4 Bxc5 14. Bd2 Nc6
15. b4 Be7 16. b5 axb5 17. Bxb5 Bd7 18. Ke2 O-O 19. Rc1 Rfd8 20. a6 Nb8 21.
Bxd7 Nxd7 22. Rd4 Rxa6 23. Rc7 Bd6 24. Rxb7 Nc5 25. Rb5 Rc8 26. Rc4 Raa8 27.
Rb6 Bf8 28. Ne5 Rd8 29. Be3 Nd7 30. Nxd7 Rxd7 31. Rbc6 Be7 32. Rc8+ Rxc8 33.
Rxc8+ Rd8 34. Rc7 Bd6 35. Rc6 Be7 36. g4 h6 37. h3 Bf6 38. f4 e5 39. g5 hxg5
40. fxg5 Be7 41. h4 g6 42. Bd2 Bf8 43. Bc3 Bg7 44. Rc7 Ra8 45. Rc5 Ra2+ 46. Kf3
Rh2 47. Be1 Ra2 48. Rc8+ Kh7 49. Rc4 Kg8 50. Bg3 Ra3+ 51. Kg4 Re3 52. Ra4 Kh7
53. Bf2 Re2 54. Bc5 Rc2 55. Ba7 Rb2 56. Kf3 Rc2 57. Ra3 Bf8 58. Rd3 Rc1 59. Bf2
Rc2 60. Rd7 Kg8 61. Rd8 Rc6 62. Re8 f6 63. gxf6 Rxf6+ 64. Kg2 Kf7 65. Rc8 Bh6
66. Rc7+ Kg8 67. Bg3 Bf4 68. Rc5 Kf7 69. Kh3 Bxg3 70. Kxg3 Re6 71. Kg4 Kf6 72.
Rc1 Ra6 73. Rf1+ Kg7 74. Kg5 Ra2 75. Rg1 Rh2 76. Rg3 Rh1 77. Rg2 Rh3 1/2-1/2

[Event "Stop parking servis - Novi Sad "]
[Site "Novi Sad"]
[Date "2014.06.27"]
[Round "1.4"]
[White "Popchev, Milko"]
[Black "Drazic, Sinisa"]
[Result "0-1"]
[WhiteElo "2331"]
[BlackElo "2433"]
[PlyCount "142"]
[EventDate "2014.06.27"]

1. Nf3 f5 2. d4 Nf6 3. c4 g6 4. Nc3 Bg7 5. g3 O-O 6. Bg2 d6 7. O-O Nc6 8. b3 a5
9. Bb2 e5 10. e3 e4 11. Nd2 Nb4 12. Rb1 c6 13. a3 Nd3 14. Ba1 d5 15. Ne2 b5 16.
Nc1 Nxc1 17. Rxc1 Rf7 18. Qe2 Bf8 19. cxd5 cxd5 20. Bb2 b4 21. axb4 axb4 22.
Ra1 Rfa7 23. Rxa7 Rxa7 24. Ra1 Rxa1+ 25. Bxa1 Qa5 26. Qd1 Ba6 27. Qc1 Ne8 28.
Bf1 Bxf1 29. Nxf1 Nd6 30. Bb2 Kf7 31. h4 h5 32. Kg2 Be7 33. Nd2 Ke6 34. f3 g5
35. hxg5 Bxg5 36. f4 Be7 37. Qa1 Qb5 38. Qf1 Qc6 39. Qc1 Qa6 40. Qf1 Qc8 41.
Qc1 Qa8 42. Qd1 Qc8 43. Qc1 Qg8 44. Qd1 h4 45. Nf1 hxg3 46. Qh5 Qc8 47. Qe2 Bh4
48. Kh3 Qg8 49. Kg2 Qg4 50. Qxg4 fxg4 51. Bc1 Nf5 52. Bd2 Be7 53. Nxg3 Nh4+ 54.
Kf2 Nf3 55. Be1 Kf6 56. Ke2 Kg6 57. Bf2 Bh4 58. Nf1 Kh5 59. Bg3 Bxg3 60. Nxg3+
Kh4 61. Kf2 Nd2 62. Kg2 Nxb3 63. Nf5+ Kh5 64. Ne7 Na5 65. Nxd5 b3 66. Nf6+ Kh4
67. Nxe4 Nc4 68. Kf2 b2 69. Nc3 g3+ 70. Kg1 Nxe3 71. f5 Kg5 0-1

[Event "Stop parking servis - Novi Sad "]
[Site "Novi Sad"]
[Date "2014.06.27"]
[Round "1.5"]
[White "Laketic, Gojko"]
[Black "Bodrozic, Tomislav"]
[Result "0-1"]
[WhiteElo "2428"]
[BlackElo "2267"]
[PlyCount "40"]
[EventDate "2014.06.27"]

1. d4 Nf6 2. c4 g6 3. Nc3 Bg7 4. Bg5 O-O 5. e3 c5 6. Nf3 cxd4 7. exd4 d5 8.
Bxf6 Bxf6 9. Nxd5 Bg7 10. Ne3 Nc6 11. d5 Bxb2 12. dxc6 Qa5+ 13. Ke2 Rd8 14. Qb1
Qc3 15. c7 Rd6 16. Qc2 Bxa1 17. Qxc3 Bxc3 18. g3 Be6 19. Ng5 Rd2+ 20. Kf3 Ba5
0-1

[Event "Stop parking servis - Novi Sad "]
[Site "Novi Sad"]
[Date "2014.06.27"]
[Round "1.8"]
[White "Jovic, Stevan"]
[Black "Pezelj, Novak"]
[Result "0-1"]
[WhiteElo "2254"]
[BlackElo "2390"]
[PlyCount "62"]
[EventDate "2014.06.27"]

1. d4 d5 2. c4 c6 3. Nc3 Nf6 4. e3 e6 5. Nf3 Nbd7 6. Qc2 Bd6 7. Bd2 O-O 8. cxd5
exd5 9. Bd3 Re8 10. g4 Qe7 11. O-O-O Ne4 12. Be1 Nf8 13. h3 f5 14. gxf5 Bxf5
15. Nd2 Nxc3 16. Qxc3 Bxd3 17. Qxd3 Ng6 18. h4 Nxh4 19. f3 Ng6 20. Bf2 Bb4 21.
Rh3 Bxd2+ 22. Qxd2 Qf7 23. Rdh1 Nf8 24. Bg3 Qxf3 25. Be5 Qf5 26. Rh5 Qg6 27.
Qh2 Re7 28. Rg1 Qd3 29. Qg3 Ng6 30. Rgh1 Rf8 31. Qh3 Rf2 0-1

[Event "Stop parking servis - Novi Sad "]
[Site "Novi Sad"]
[Date "2014.06.28"]
[Round "2.1"]
[White "Pezelj, Novak"]
[Black "Chandra, Akshat"]
[Result "1/2-1/2"]
[WhiteElo "2390"]
[BlackElo "2436"]
[PlyCount "89"]
[EventDate "2014.06.27"]

1. d4 Nf6 2. Nf3 d5 3. e3 c6 4. c4 e6 5. Nc3 Nbd7 6. Qc2 Bd6 7. Be2 O-O 8. O-O
dxc4 9. Bxc4 a6 10. Rd1 b5 11. Bd3 Qc7 12. Ne4 Nxe4 13. Bxe4 f5 14. Bd3 c5 15.
dxc5 Nxc5 16. b4 Nxd3 17. Qxc7 Bxc7 18. Rxd3 Bb7 19. Bb2 Bd5 20. a3 Rfd8 21.
Rc1 Bd6 22. Be5 Rdc8 23. Rxc8+ Rxc8 24. Rc3 Rxc3 25. Bxc3 Bxf3 26. gxf3 Kf7 27.
Kf1 g5 28. h3 h5 29. Kg2 h4 30. Bb2 Be7 31. f4 g4 32. hxg4 fxg4 33. f3 g3 34.
Kh3 Kg6 35. e4 Kh5 36. Bd4 Bd8 37. Bc3 Bb6 38. Bf6 Be3 39. f5 exf5 40. exf5 Bg5
41. Bd4 Bd8 42. f6 Kg6 43. Kxh4 g2 44. Kh3 Bxf6 45. Be3 1/2-1/2

[Event "Stop parking servis - Novi Sad "]
[Site "Novi Sad"]
[Date "2014.06.28"]
[Round "2.2"]
[White "Drazic, Sinisa"]
[Black "Drogovoz, Irina"]
[Result "1-0"]
[WhiteElo "2433"]
[BlackElo "2073"]
[PlyCount "85"]
[EventDate "2014.06.27"]

1. b3 Nf6 2. Bb2 g6 3. e4 d6 4. g3 Bg7 5. Bg2 c5 6. Ne2 Nc6 7. d4 cxd4 8. Nxd4
Bd7 9. O-O O-O 10. c4 Qc8 11. Ne2 Bh3 12. f3 Bxg2 13. Kxg2 a6 14. Nbc3 b5 15.
cxb5 axb5 16. Qd3 Rb8 17. Nf4 Qb7 18. Rf2 Nd7 19. h4 Nc5 20. Qd1 b4 21. Ncd5 e5
22. Nd3 Nxd3 23. Qxd3 Ne7 24. Rd1 Nxd5 25. Qxd5 Qxd5 26. Rxd5 Rb6 27. Bc1 Ra8
28. Be3 Rba6 29. Rb5 Rxa2 30. Rxb4 Rxf2+ 31. Kxf2 Ra2+ 32. Kf1 Bf8 33. Rb8 Kg7
34. g4 f5 35. Rb7+ Kg8 36. g5 Rb2 37. Ke1 f4 38. Bd2 d5 39. exd5 e4 40. Bxf4
exf3 41. d6 Rb1+ 42. Kf2 Rd1 43. Kxf3 1-0

[Event "Stop parking servis - Novi Sad "]
[Site "Novi Sad"]
[Date "2014.06.28"]
[Round "2.3"]
[White "Bodrozic, Tomislav"]
[Black "Lajthajm, Borko"]
[Result "1/2-1/2"]
[WhiteElo "2267"]
[BlackElo "2526"]
[PlyCount "35"]
[EventDate "2014.06.27"]

1. e4 d6 2. d4 c6 3. Nc3 g6 4. f4 Nd7 5. Nf3 Bg7 6. Bd3 Nb6 7. a4 a5 8. Be3 d5
9. e5 Bf5 10. Bxf5 gxf5 11. Ne2 e6 12. Bf2 Ne7 13. O-O Ng6 14. b3 Bf8 15. Qd3
Be7 16. Rfd1 h5 17. c4 Kf8 18. Kh1 1/2-1/2